[Event "ITA-ch U18"]
[Site "Tarvisio"]
[Date "2023.07.02"]
[Round "1"]
[White "Canella, Jacopo"]
[Black "Caiulo, Daniele"]
[Result "1-0"]
[WhiteElo "1962"]
[BlackElo "1400"]
[PlyCount "61"]
[EventDate "2023.07.02"]
[EventType "swiss"]
[EventRounds "9"]
[EventCountry "ITA"]
[SourceTitle "EXT 2024"]
[Source "ChessBase"]
[SourceDate "2023.10.10"]
[SourceVersion "1"]
[SourceVersionDate "2023.10.10"]
[SourceQuality "1"]

1. d4 Nf6 2. c4 e6 3. Nc3 Bb4 4. a3 Bxc3+ 5. bxc3 c5 6. f3 d6 7. e4 e5 8. d5 h6 9. Bd3 Nh5 10. g3 Nf6 11. Kf2 0-0 12. Kg2 Re8 13. Ra2 Qa5 14. Rf2 Bd7 15. Qc2 Ba4 16. Qe2 Qxc3 17. Bb2 Qa5 18. f4 Nbd7 19. Nh3 Nf8 20. Rhf1 Ng6 21. fxe5 dxe5 22. Bc1 Nd7 23. Rxf7 Rf8 24. Rxf8+ Rxf8 25. Rxf8+ Kxf8 26. Qf2+ Ke7 27. Be3 b5 28. Bxc5+ Nxc5 29. Qxc5+ Kd8 30. Qd6+ Kc8 31. Qxg6 1-0